| 000 | 00877ntaaa2200241 4500 | ||
|---|---|---|---|
| 003 | 01 | ||
| 005 | 20251027203355.0 | ||
| 008 | 0714s1973 ag 01 | ||
| 040 |
_aAR-BaBN _bspa _cAR-BaBN _eaacr _dRIC |
||
| 100 |
_aEvans, Richard I. _957 |
||
| 245 |
_aDiálogo con Erik Erikson / _cRichard I. Evans, traducido por Carlos Valdéz Vázquez |
||
| 260 |
_aMéxico : _bFondo de Cultura Económica, _c1975 |
||
| 300 |
_a166 p. ; _c18 cm. |
||
| 490 | _aPopular | ||
| 500 | _aTítulo original: Dialogue with Erik Erikson | ||
| 500 | _aDonación de Tomás J. M. Mackey, 2021 | ||
| 500 | _aBibliografía: p. 158-164 | ||
| 505 | _t1. Las ocho etapas del hombre | ||
| 505 | _t2. Análisis interculturales y psicohistóricos | ||
| 505 | _t3. El psicoanálisis y su repercusión: filosofía, teoría y método | ||
| 700 |
_aValdéz Vázquez, Carlos _etraductor _937839 |
||
| 942 | _cBK | ||
| 999 |
_c29298 _d29298 |
||